| 000 | 00627nam a22001937a 4500 | ||
|---|---|---|---|
| 005 | 20251108173119.0 | ||
| 008 | 250721s2003 xx 000 0 ara d | ||
| 082 | 1 | 4 | _a216.534/ نيل |
| 100 | 1 | _aأبو النيل، محمد عبد السلام | |
| 245 | 1 | 0 | _aحقوق المرأة في الإسلام / |
| 264 | 1 |
_aعمان : _bمكتبة الفلاح للنشر و التوزيع، _c2003. |
|
| 300 | _a252ص. | ||
| 650 | 1 | 7 | _aالمرأة المسلمة |
| 650 | 1 | 7 | _aالفقه الإسلامي |
| 650 | 1 | 7 | _aالأحكام الشرعية |
| 650 | 1 | 7 | _aحقوق المرأة |
| 942 |
_2ddc _cBK |
||
| 999 |
_c96358 _d96358 |
||